| 000 | 01003nam a2200205Ia 4500 | ||
|---|---|---|---|
| 008 | 191130s2009##################000#0#eng## | ||
| 020 | _a9780521881791 | ||
| 022 | _a2009016994 | ||
| 040 |
_aACL _cACL |
||
| 082 | _a355.027 VAS | ||
| 100 | _aVasquez, John A | ||
| 245 |
_aThe war puzzle revisited _cJohn A. Vasquez |
||
| 260 |
_aCambridge _bCambridge University Press _c2009 |
||
| 300 | _axxi, 477 p. : ill. ; 24 cm | ||
| 500 | _aIncludes bibliographical references and index.Contents : Conceptualizing war -- Types of war -- Power politics and war -- Territorial contiguity as a source of conflict leading to war -- The realist road to war -- The domestic prerequisites of wars of rivalry -- Explaining world war : its scope, severity, and duration -- Peace -- Solving the puzzle of war -- Research findings on territory, war, peace -- Research findings on power politics and war | ||
| 650 | _aWar - Causes | ||
| 990 | _a7eea28f9ac10000c6e44c222180cb4a0 | ||
| 991 | _a55829 | ||
| 999 |
_c297717 _d297717 |
||